Pere Bosch Gimpera : fundador del Museu d'Arqueologia de Barcelona / per Eduard Ripoll i Perelló ; bibliografia per M. Teresa Llecha fundador del Museu d'Arqueologia de Barcelona / per Eduard Ripoll i Perelló ; bibliografia per M. Teresa Llecha
Publicado:
Barcelona :
Diputació Provincial de Barcelona. Institut de Prehistòria i Arqueologia ,
1977
Descripción Física:
52 p. : il. ; 27 cm
Otros Autores:
Llecha, Maria Teresa
MARC
| LEADER | 00000nam a2200000Ia 4500 | ||
|---|---|---|---|
| 001 | 1853 | ||
| 008 | 160829s1977 xx 000 0 cat d | ||
| 080 | |a H-1-61 | ||
| 100 | 1 | |a Ripoll i Perelló, Eduard, |d 1923-2006 |9 20913 | |
| 245 | |a Pere Bosch Gimpera : |b fundador del Museu d'Arqueologia de Barcelona / per Eduard Ripoll i Perelló ; bibliografia per M. Teresa Llecha | ||
| 260 | |a Barcelona : |b Diputació Provincial de Barcelona. Institut de Prehistòria i Arqueologia, |c 1977 | ||
| 300 | |a 52 p. : |b il. ; |c 27 cm | ||
| 600 | 1 | 0 | |a Bosch Gimpera, P. |q (Pere), |d 1891-1974 |9 35533 |
| 700 | |a Llecha, Maria Teresa |9 20923 | ||
| 710 | 2 | |a Institut de Prehistòria i Arqueologia (Barcelona, Catalunya) |9 52785 | |
| 901 | |a Arxiu | ||
| 942 | |n 1 | ||
| 952 | |0 0 |1 0 |4 0 |6 H161 |7 1 |9 41745 |a Arxiu |b Arxiu |d 2016-12-01 |l 0 |o H-1-61 |p 1853 |r 2016-12-01 00:00:00 |w 2016-12-01 |y ARXIU | ||
| 999 | |c 43635 |d 43635 | ||